000 00744cam a22002411 4500
001 sa 67000236
003 DLC
005 20260227112313.0
008 790514s1966 ii b 00000 eng
010 _asa 67000236 //r842
025 _aPL480:I-E-6214
050 0 _aLB1028
_b.N313 1966
082 _a370/.78
110 2 0 _aNational Institute of Basic Education.
245 0 0 _aResearch in education.
250 _a[2d ed.
260 0 _aNew Delhi]
_bNational Council of Educational Research and Training
_c[1966]
300 _avi, 136 p.
_c21 cm.
500 _a"Includes twelve memoranda prepared by Dr. S. M. Corey."
504 _aIncludes bibliographies.
650 0 _aEducation
_xResearch.
700 1 0 _aCorey, Stephen Maxwell,
_d1904-
999 _c71841
_d71841